000 00474nam a2200145 a 4500
001 000029994
005 20200930055952.0
008 110428s2000 dr 000 0 spa d
040 _aDO-SdBNP
_bspa
_cBNPHU
100 1 _aEstrella Rodríguez, Víctor Ant.
_955591
245 1 0 _aPárrafos y poemas en soledad. /
_cVíctor Ant. Estrella Rodríguez.
260 _aSantiago de los Caballeros, República Dominicana :
_b[s. n.],
_c2000.
300 _a51p. ;
_c21 cm.
049 _aBNPD
999 _c29486
_d29486